Analytic geometry with an introduction to vectors and matrices

Uloženo v:
Podrobná bibliografie
Hlavní autor: Murdoch, David Carruthers (Autor)
Médium: Kniha
Jazyk:angličtina
Vydáno: Nueva York John Wiley and Sons 1966
Témata:
Tagy: Přidat tag
Žádné tagy, Buďte první, kdo vytvoří štítek k tomuto záznamu!

MARC

LEADER 00000nam a2200000 a 4500
001 UCP0793
003 CL-VaPUC
008 990319e19660000US |||||||||||||||||eng|d
082 0 4 |a 516.3  |b MUR  |2 21 
100 |a Murdoch, David Carruthers  |e author  |9 423521 
245 1 0 |a Analytic geometry with an introduction to vectors and matrices 
300 |a 294 p 
942 |c BK 
945 |d 19990319 00:00:00  |a crobeson 
260 |a Nueva York  |b John Wiley and Sons  |c 1966 
650 0 |a Geometría analítica   |9 260062 
650 0 |a Vectores  |9 317184 
650 0 |a Matrices   |9 22 
650 7 |a COORDENADAS  |2 CL-VaPUC  |9 380225 
650 0 |a Funciones   |9 263869 
650 0 |a Grafos  |9 344754 
650 0 |a Geometría plana  |9 265855 
650 0 |a Espacios vectoriales   |9 21 
583 |a last modification  |c 19990319 00:00:00  |k Rodrigo Vera 
999 |c 279538  |d 279536 
952 |0 0  |1 0  |4 0  |6 516_300000000000000_MUR_1966  |7 0  |8 A  |9 319101  |a BIBMAT  |b BIBMAT  |d 2019-11-20  |i 1330497  |o 516.3 MUR 1966  |p 1330497  |r 2025-01-07  |w 2019-11-20  |y BK  |k MAT